| 000 | 01143nam a2200253 i 4500 | ||
|---|---|---|---|
| 001 | 172531 | ||
| 003 | ES-MaACL | ||
| 005 | 20250630161158.0 | ||
| 008 | 090715s1926 sp |||| | spa d | ||
| 080 | _a821.134.2-22"19" | ||
| 080 | _a821.111(417)-23"18" | ||
| 100 | 1 |
_aMartínez Sierra, Gregorio, _d1881-1947 _978429 |
|
| 245 | 1 | 0 |
_aSueño de una noche de agosto : _bnovela cómica en tres partes / _cGregorio Martínez Sierra . Salomé : drama en un acto / Oscar Wilde. |
| 246 | 3 |
_aSalomé : _bdrama en un acto |
|
| 260 |
_aMadrid : _bSiglo XX, _c1926. |
||
| 300 |
_a91 p. ; _c19 cm. |
||
| 490 | 1 |
_aComedias, 5 de junio de 1926 ; _v16 |
|
| 594 | _aSueño de una noche de agosto: obra en colaboración entre Gregorio Martínez Sierra y María Lejárraga (María Martínez Sierra), estrenada en el Teatro Eslava, de Madrid, el día 20 de noviembre de 1918 | ||
| 700 | 1 |
_aMartínez Sierra, María, _d1874-1974 _978430 |
|
| 700 | 1 |
_aWilde, Oscar, _d1854-1900 _9241147 |
|
| 830 | 1 |
_aComedias, 5 de junio de 1926 ; _v16 _9223359 |
|
| 852 | 4 |
_aES-MaACL _jE-12850 _z- Biblioteca Jacinto Martínez Lacalle |
|
| 999 |
_c172531 _d172531 |
||